Top 10 Countries with Most German Language Speakers - Statistics

General Stats
  • This quiz has been taken 482 times
  • The average score is 8 of 10
Answer Stats
# Number of Speakers Country % Correct
1 75,060,000 Germany
100%
2 7,444,000 Austria
98%
3 4,570,000 Switzerland
96%
4 1,850,000 United States
91%
6 500,000 Poland
85%
7 485,000 Canada
75%
10 310,000 Italy
75%
9 350,000 Russia
71%
5 910,000 Brazil
53%
8 460,000 Kazakhstan
11%
No matching quizzes found
Score Distribution
Percent of People with Each Score
Percentile by Number Answered
Your Score History
You have not taken this quiz